[Event "EU-chT Seniors 09th"]
[Site "Dresden"]
[Date "2007.02.23"]
[Round "8"]
[White "Rudnik, Heinz"]
[Black "Morgner, Siegfried"]
[Result "1-0"]
[WhiteElo "2153"]
[BlackElo "1908"]
[PlyCount "22"]
[EventDate "2007.02.16"]
[EventType "team-swiss"]
[EventRounds "9"]
[EventCountry "GER"]
[SourceTitle "CBM 117 Extra"]
[Source "ChessBase"]
[SourceDate "2007.05.09"]
[SourceVersion "1"]
[SourceVersionDate "2007.05.09"]
[SourceQuality "1"]

1. e4 d6 2. d4 g6 3. Nf3 Bg7 4. Bc4 Nf6 5. Qe2 Be6 6. Bxe6 fxe6 7. Qb5+ Nbd7 8. Ng5 c6 9. Qxb7 Rb8 10. Qxc6 Rc8 11. Qa4 0-0 1-0

[Event "EU-chT Seniors 09th"]
[Site "Dresden"]
[Date "2007.02.19"]
[Round "4"]
[White "Tejero Royo, Fermin"]
[Black "Rudnik, Heinz"]
[Result "0-1"]
[WhiteElo "2145"]
[BlackElo "2153"]
[PlyCount "78"]
[EventDate "2007.02.16"]
[EventType "team-swiss"]
[EventRounds "9"]
[EventCountry "GER"]
[SourceTitle "CBM 117 Extra"]
[Source "ChessBase"]
[SourceDate "2007.05.09"]
[SourceVersion "1"]
[SourceVersionDate "2007.05.09"]
[SourceQuality "1"]

1. d4 d5 2. Nf3 Nf6 3. c4 c6 4. e3 g6 5. Nc3 Bg7 6. Qc2 0-0 7. Bd3 Na6 8. a3 c5 9. cxd5 cxd4 10. Nxd4 Nxd5 11. Nxd5 Qxd5 12. Be4 Qh5 13. Bd2 Nc5 14. Bf3 Qe5 15. Bc3 Bf5 16. Nxf5 Qxf5 17. Qxf5 Bxc3+ 18. bxc3 gxf5 19. Ke2 Rfd8 20. Rhd1 Rac8 21. Rxd8+ Rxd8 22. Rb1 b6 23. Rb4 e5 24. g4 e4 25. Bg2 fxg4 26. Bxe4 Kg7 27. Bc2 h5 28. Rf4 Rd5 29. Rd4 Re5 30. Kf1 Kf6 31. Kg2 Ke7 32. h3 f5 33. hxg4 hxg4 34. Kg3 Ne6 35. Ra4 a5 36. e4 Rc5 37. exf5 Rxc3+ 38. Kxg4 Nc5 39. Rd4 Rxc2 0-1

[Event "GER-ch Seniors 18th"]
[Site "Dresden"]
[Date "2006.07.26"]
[Round "5"]
[White "Mueller, Klaus2222"]
[Black "Rudnik, Heinz"]
[Result "0-1"]
[WhiteElo "2008"]
[BlackElo "2156"]
[PlyCount "140"]
[EventDate "2006.07.22"]
[EventType "swiss"]
[EventRounds "9"]
[EventCountry "GER"]
[SourceTitle "CBM 113 Extra"]
[Source "ChessBase"]
[SourceDate "2006.09.14"]
[SourceVersion "1"]
[SourceVersionDate "2006.09.14"]
[SourceQuality "1"]

1. e4 c5 2. Nf3 Nc6 3. d4 cxd4 4. Nxd4 d6 5. Nc3 Nf6 6. Be3 g6 7. f3 Bd7 8. Qd2 Bg7 9. Bc4 0-0 10. Bb3 Qa5 11. 0-0 Rac8 12. Rad1 a6 13. a3 Qc7 14. Rfe1 Na5 15. Qf2 Nxb3 16. Nxb3 b5 17. Bb6 Qb7 18. Bd4 Be6 19. Na5 Qb8 20. e5 dxe5 21. Bxe5 Ng4 22. Bxb8 Nxf2 23. Kxf2 Rxb8 24. Nc6 Rb7 25. Nd4 Bc8 26. Nce2 Rc7 27. c3 e5 28. Nc2 Re8 29. Nf4 Bf5 30. Nd5 Rb7 31. Nce3 Be6 32. Nb4 Bf8 33. Ned5 Bc5+ 34. Kg3 Ra8 35. Nf6+ Kg7 36. Ne4 Bf8 37. Nc6 Bb3 38. Rd2 Rc7 39. Nxe5 Re8 40. Nd7 f5 41. Nxf8 Kxf8 42. Rd6 fxe4 43. fxe4 a5 44. Rd4 Rc4 45. Kf4 Kf7 46. h4 h6 47. g4 Rc5 48. Re3 a4 49. Rd7+ Re7 50. Rd6 Rce5 51. g5 h5 52. Rd2 Ke6 53. Rd8 Rf7+ 54. Kg3 Ke7 55. Rd2 Rf1 56. Rf2 Rxf2 57. Kxf2 Bc2 58. Kf3 Kd6 59. Kf4 Re8 60. Re2 Rf8+ 61. Ke3 Bb3 62. Rd2+ Ke6 63. Rd4 Rf1 64. Rd8 Ke7 65. Rb8 Bc4 66. Rb6 Rb1 67. Rxg6 Rxb2 68. Rh6 Rb3 69. Kd4 Rxa3 70. Rxh5 Ra1 0-1

[Event "GER-ch Seniors 18th"]
[Site "Dresden"]
[Date "2006.07.25"]
[Round "4"]
[White "Rudnik, Heinz"]
[Black "Bischof, Rainer"]
[Result "1/2-1/2"]
[WhiteElo "2156"]
[BlackElo "2047"]
[PlyCount "21"]
[EventDate "2006.07.22"]
[EventType "swiss"]
[EventRounds "9"]
[EventCountry "GER"]
[SourceTitle "CBM 113 Extra"]
[Source "ChessBase"]
[SourceDate "2006.09.14"]
[SourceVersion "1"]
[SourceVersionDate "2006.09.14"]
[SourceQuality "1"]

1. e4 c5 2. Nf3 g6 3. d4 cxd4 4. Nxd4 Nc6 5. Nc3 Bg7 6. Be3 Nf6 7. Bc4 0-0 8. Bb3 a5 9. f3 d5 10. exd5 Nb4 11. Nde2 1/2-1/2

[Event "GER-ch Seniors-A 17th"]
[Site "Essen"]
[Date "2005.08.25"]
[Round "6"]
[White "Boehme, Erich"]
[Black "Rudnik, Heinz"]
[Result "1/2-1/2"]
[WhiteElo "2051"]
[BlackElo "2195"]
[PlyCount "31"]
[EventDate "2005.08.20"]
[EventType "swiss"]
[EventRounds "9"]
[EventCountry "GER"]
[SourceTitle "CBM 108 Extra"]
[Source "ChessBase"]
[SourceDate "2005.11.04"]
[SourceVersion "1"]
[SourceVersionDate "2005.11.04"]
[SourceQuality "1"]

1. c4 e5 2. Nc3 Nf6 3. g3 Nc6 4. Bg2 g6 5. e3 Bg7 6. Nge2 0-0 7. 0-0 d6 8. d4 Bd7 9. b3 Qc8 10. d5 Ne7 11. Re1 Bh3 12. Bh1 Qd7 13. Bb2 Ng4 14. Qd2 Bh6 15. Nd1 f5 16. f3 1/2-1/2

[Event "NRW-ch Seniors 16th"]
[Site "Hattingen"]
[Date "2005.05.29"]
[Round "9"]
[White "Rudnik, Heinz"]
[Black "Rosen, Willy"]
[Result "0-1"]
[WhiteElo "2075"]
[BlackElo "2185"]
[PlyCount "60"]
[EventDate "2005.05.21"]
[EventType "swiss"]
[EventRounds "9"]
[EventCountry "GER"]
[SourceTitle "EXT 2007"]
[Source "ChessBase"]
[SourceDate "2006.11.23"]
[SourceVersion "1"]
[SourceVersionDate "2006.11.23"]
[SourceQuality "1"]

1. e4 c5 2. Nc3 Nc6 3. g3 g6 4. Bg2 Bg7 5. d3 e5 6. f4 d6 7. Nf3 Nge7 8. 0-0 exf4 9. Bxf4 0-0 10. Qd2 Nd4 11. Kh1 Nxf3 12. Bxf3 Be6 13. Bh6 Nc6 14. Bxg7 Kxg7 15. Bg2 h5 16. Ne2 h4 17. Nf4 hxg3 18. hxg3 Qe7 19. c3 Ne5 20. d4 Rh8+ 21. Kg1 Ng4 22. Rf3 Rac8 23. Raf1 Rc7 24. Nxe6+ Qxe6 25. Rf4 Nh6 26. Rh4 f6 27. Rhf4 Rg8 28. Rh4 g5 29. Rh5 Qg4 30. Kh2 Qxh5+ 0-1

[Event "NRW-ch Seniors 16th"]
[Site "Hattingen"]
[Date "2005.05.27"]
[Round "7"]
[White "Bogorad, Michail"]
[Black "Rudnik, Heinz"]
[Result "1-0"]
[WhiteElo "2082"]
[BlackElo "2075"]
[PlyCount "73"]
[EventDate "2005.05.21"]
[EventType "swiss"]
[EventRounds "9"]
[EventCountry "GER"]
[SourceTitle "EXT 2007"]
[Source "ChessBase"]
[SourceDate "2006.11.23"]
[SourceVersion "1"]
[SourceVersionDate "2006.11.23"]
[SourceQuality "1"]

1. e4 e5 2. f4 d5 3. exd5 e4 4. d3 Nf6 5. dxe4 Nxe4 6. Nf3 Bc5 7. Qe2 Bf2+ 8. Kd1 f5 9. Nc3 0-0 10. Nxe4 fxe4 11. Ne5 Qxd5+ 12. Qd2 Be6 13. Qxd5 Bxd5 14. Ke2 Bd4 15. Ng4 Nc6 16. c3 Bc5 17. Be3 Bd6 18. g3 Rad8 19. b3 a5 20. Bg2 a4 21. c4 Bf7 22. Rhd1 g5 23. Nh6+ Kh8 24. Nxf7+ Rxf7 25. fxg5 Re8 26. Rf1 Rfe7 27. Rf5 Be5 28. Rd1 Bc3 29. Bc5 Re5 30. Rxe5 Rxe5 31. Rd5 Rxd5 32. cxd5 Nd4+ 33. Ke3 axb3 34. axb3 Nxb3 35. Be7 Kg7 36. Bxe4 Kg8 37. d6 1-0

[Event "NRW-ch Seniors 16th"]
[Site "Hattingen"]
[Date "2005.05.25"]
[Round "5"]
[White "Klein, Leo"]
[Black "Rudnik, Heinz"]
[Result "0-1"]
[WhiteElo "1979"]
[BlackElo "2075"]
[PlyCount "68"]
[EventDate "2005.05.21"]
[EventType "swiss"]
[EventRounds "9"]
[EventCountry "GER"]
[SourceTitle "EXT 2007"]
[Source "ChessBase"]
[SourceDate "2006.11.23"]
[SourceVersion "1"]
[SourceVersionDate "2006.11.23"]
[SourceQuality "1"]

1. d4 Nf6 2. Bf4 e6 3. e3 c5 4. Nd2 d5 5. Ngf3 Nc6 6. c3 Be7 7. Ne5 Qb6 8. Rb1 Bd7 9. Bd3 g6 10. 0-0 Nxe5 11. Bxe5 0-0 12. Qf3 Nh5 13. g4 f6 14. dxc5 Bxc5 15. b4 fxe5 16. bxc5 Qxc5 17. Qe2 Nf6 18. Rxb7 e4 19. Ba6 Bc6 20. Nb3 Qd6 21. Rb4 e5 22. h3 Rf7 23. Bb5 Raf8 24. Bxc6 Qxc6 25. c4 h5 26. cxd5 Nxd5 27. Rc4 Qf6 28. Nd2 Qh4 29. Nxe4 Rf3 30. gxh5 Rxh3 31. Ng3 Rxg3+ 32. fxg3 Qxg3+ 33. Qg2 Rxf1+ 34. Kxf1 Nxe3+ 0-1

[Event "EU-chT Seniors 07th"]
[Site "Dresden"]
[Date "2005.02.23"]
[Round "6"]
[White "Villing, Dieter"]
[Black "Rudnik, Heinz"]
[Result "1-0"]
[WhiteElo "2211"]
[BlackElo "2212"]
[PlyCount "60"]
[EventDate "2005.02.18"]
[EventType "team-swiss"]
[EventRounds "8"]
[EventCountry "GER"]
[SourceTitle "EXT 2006"]
[Source "ChessBase"]
[SourceDate "2005.11.24"]
[SourceVersion "1"]
[SourceVersionDate "2005.11.24"]
[SourceQuality "1"]

1. e4 c5 2. f4 Nc6 3. Nf3 g6 4. Bb5 Bg7 5. 0-0 d6 6. Bxc6+ bxc6 7. d3 Nf6 8. Nc3 0-0 9. Qe1 Qd7 10. h3 Rb8 11. Qh4 Ne8 12. g4 Bf6 13. Qg3 Kh8 14. e5 Bg7 15. Ne4 f6 16. b3 Nc7 17. Bb2 Ba6 18. Rae1 c4 19. exf6 exf6 20. g5 fxg5 21. Bxg7+ Qxg7 22. fxg5 cxd3 23. c4 d5 24. Nf6 dxc4 25. bxc4 Bxc4 26. Re4 Bd5 27. Rh4 h5 28. Ne5 Rb2 29. Nf3 Bxf3 30. Qxf3 Nd5 1-0

[Event "EU-chT Seniors 07th"]
[Site "Dresden"]
[Date "2005.02.19"]
[Round "2"]
[White "Rudnik, Heinz"]
[Black "Gruzmann, Boris"]
[Result "0-1"]
[WhiteElo "2212"]
[BlackElo "2271"]
[PlyCount "106"]
[EventDate "2005.02.18"]
[EventType "team-swiss"]
[EventRounds "8"]
[EventCountry "GER"]
[SourceTitle "EXT 2006"]
[Source "ChessBase"]
[SourceDate "2005.11.24"]
[SourceVersion "1"]
[SourceVersionDate "2005.11.24"]
[SourceQuality "1"]

1. e4 c5 2. Nc3 a6 3. a4 Nc6 4. Bc4 Nf6 5. d3 e6 6. Bg5 h6 7. Bh4 Be7 8. Nf3 Nxe4 9. Bxe7 Nxc3 10. Bxd8 Nxd1 11. Bb6 Nxb2 12. Bb3 d6 13. a5 e5 14. Kd2 Be6 15. Bxe6 fxe6 16. Rhb1 e4 17. Ne1 Rf8 18. Rxb2 Rxf2+ 19. Ke3 Rf1 20. dxe4 Kd7 21. Rab1 Ne5 22. Nf3 Ng4+ 23. Kf4 Nxh2 24. Rxf1 Nxf1 25. e5 Rf8+ 26. Kg4 Ne3+ 27. Kg3 Nf5+ 28. Kh2 Kc6 29. exd6 Nxd6 30. Rb1 Rf4 31. Re1 Re4 32. Rxe4 Nxe4 33. Kh3 Kd5 34. Kg4 e5 35. Kf5 Nd6+ 36. Kg6 e4 37. Ng1 Nc4 38. Bd8 Ne3 39. g3 Nxc2 40. Kxg7 Nd4 41. Kxh6 e3 42. Kg6 c4 43. Be7 e2 44. Nxe2 Nxe2 45. g4 c3 46. g5 c2 47. Ba3 Kc4 48. Kf6 Kb3 49. Bc1 Nxc1 50. g6 Nd3 51. g7 c1Q 52. g8Q+ Qc4 53. Qg3 Qf4+ 0-1

[Event "EU-ch Seniors 05th"]
[Site "Bad Homburg"]
[Date "2005.??.??"]
[Round "9"]
[White "Lotsov Har Zahav, Avraham"]
[Black "Rudnik, Heinz"]
[Result "1-0"]
[WhiteElo "2038"]
[BlackElo "2196"]
[PlyCount "45"]
[EventDate "2005.06.25"]
[EventType "swiss"]
[EventRounds "9"]
[EventCountry "GER"]
[SourceTitle "EXT 2006"]
[Source "ChessBase"]
[SourceDate "2005.11.24"]
[SourceVersion "1"]
[SourceVersionDate "2005.11.24"]
[SourceQuality "1"]

1. d4 Nf6 2. c4 g6 3. Nc3 Bg7 4. e4 d6 5. f3 c6 6. Be3 a6 7. g4 b5 8. g5 Nh5 9. Qd2 Nd7 10. Nge2 bxc4 11. Ng3 Nxg3 12. hxg3 Nb6 13. 0-0-0 Qc7 14. Bh3 e6 15. f4 Bd7 16. f5 0-0-0 17. f6 Bf8 18. d5 cxd5 19. exd5 Re8 20. dxe6 Bxe6 21. Qd4 Bxh3 22. Rxh3 Qc5 23. Qg4+ 1-0

[Event "GER-chA Seniors 16th"]
[Site "Templin"]
[Date "2004.09.11"]
[Round "8"]
[White "Igney, Volkhard"]
[Black "Rudnik, Heinz"]
[Result "0-1"]
[WhiteElo "2268"]
[BlackElo "2188"]
[PlyCount "72"]
[EventDate "2004.09.04"]
[EventType "swiss"]
[EventRounds "9"]
[EventCountry "GER"]
[SourceTitle "EXT 2005"]
[Source "ChessBase"]
[SourceDate "2004.11.15"]
[SourceVersion "1"]
[SourceVersionDate "2004.11.15"]
[SourceQuality "1"]

1. d4 Nf6 2. c4 g6 3. Nc3 Bg7 4. e4 d6 5. Be2 0-0 6. Nf3 e5 7. Be3 Nc6 8. d5 Ne7 9. Nd2 c6 10. 0-0 Bd7 11. Qb3 Bc8 12. c5 cxd5 13. exd5 Nf5 14. cxd6 Nxe3 15. fxe3 Bh6 16. Nce4 Nxe4 17. Nxe4 f5 18. d7 Bxd7 19. Nc5 Kh8 20. Qc3 Bg7 21. e4 Rc8 22. Qa3 Bh6 23. Kh1 b6 24. Nb7 Qh4 25. g3 Qxe4+ 26. Bf3 Qc2 27. Qe7 Bb5 28. Nd6 Bxf1 29. Rxf1 Qc5 30. Bg2 e4 31. Bxe4 fxe4 32. Rf7 Rxf7 33. Nxf7+ Kg7 34. d6 Qc1+ 35. Kg2 Rc2+ 36. Kh3 Qf1+ 0-1

[Event "GER-chA Seniors 16th"]
[Site "Templin"]
[Date "2004.09.07"]
[Round "4"]
[White "Ladstetter, Josef"]
[Black "Rudnik, Heinz"]
[Result "1/2-1/2"]
[WhiteElo "2083"]
[BlackElo "2188"]
[PlyCount "45"]
[EventDate "2004.09.04"]
[EventType "swiss"]
[EventRounds "9"]
[EventCountry "GER"]
[SourceTitle "EXT 2005"]
[Source "ChessBase"]
[SourceDate "2004.11.15"]
[SourceVersion "1"]
[SourceVersionDate "2004.11.15"]
[SourceQuality "1"]

1. d4 Nf6 2. c4 g6 3. Nc3 Bg7 4. e4 d6 5. Nf3 0-0 6. Be2 c6 7. 0-0 a6 8. a4 Nbd7 9. h3 Qc7 10. Be3 h6 11. Qd2 Kh7 12. Rfe1 c5 13. Bf1 cxd4 14. Bxd4 Nc5 15. Bxf6 exf6 16. Rad1 f5 17. exf5 Bxf5 18. Nd5 Qd8 19. a5 Nb3 20. Qb4 Nxa5 21. Ne7 Be6 22. Nd5 Bxd5 23. Rxd5 1/2-1/2

[Event "GER-chA Seniors 16th"]
[Site "Templin"]
[Date "2004.09.06"]
[Round "3"]
[White "Rudnik, Heinz"]
[Black "Klundt, Klaus"]
[Result "0-1"]
[WhiteElo "2188"]
[BlackElo "2361"]
[PlyCount "66"]
[EventDate "2004.09.04"]
[EventType "swiss"]
[EventRounds "9"]
[EventCountry "GER"]
[SourceTitle "EXT 2005"]
[Source "ChessBase"]
[SourceDate "2004.11.15"]
[SourceVersion "1"]
[SourceVersionDate "2004.11.15"]
[SourceQuality "1"]

1. e4 c5 2. Nc3 Nc6 3. g3 g6 4. Bg2 Bg7 5. f4 d6 6. d3 e6 7. Nf3 Nge7 8. 0-0 0-0 9. Be3 Nd4 10. Qd2 Bd7 11. Rae1 Bc6 12. Nd1 b6 13. Nh4 f5 14. c3 Nb5 15. exf5 gxf5 16. Bf2 Qd7 17. Re2 Rae8 18. Rfe1 Bxg2 19. Kxg2 Ng6 20. Nxg6 hxg6 21. Qc2 Nc7 22. Kg1 e5 23. Qb3+ Kh7 24. Be3 Re7 25. Nf2 Rfe8 26. Nh3 Ne6 27. Qd5 Bf6 28. Qg2 Qb7 29. Qf1 Qd5 30. Nf2 Kg7 31. b3 exf4 32. gxf4 Bxc3 33. Rc1 Nxf4 0-1

[Event "GER-chA Seniors 16th"]
[Site "Templin"]
[Date "2004.09.04"]
[Round "1"]
[White "Rudnik, Heinz"]
[Black "Luetje, Juergen"]
[Result "1-0"]
[WhiteElo "2188"]
[BlackElo "1995"]
[PlyCount "45"]
[EventDate "2004.09.04"]
[EventType "swiss"]
[EventRounds "9"]
[EventCountry "GER"]
[SourceTitle "EXT 2005"]
[Source "ChessBase"]
[SourceDate "2004.11.15"]
[SourceVersion "1"]
[SourceVersionDate "2004.11.15"]
[SourceQuality "1"]

1. Nf3 d5 2. c4 c6 3. e3 e6 4. b3 Nf6 5. Bb2 Nbd7 6. Be2 Be7 7. 0-0 0-0 8. d4 Ne4 9. Nbd2 b6 10. Nxe4 dxe4 11. Nd2 f5 12. f3 exf3 13. Bxf3 Bb7 14. e4 Bf6 15. Qc2 Qc7 16. Rac1 Rac8 17. Kh1 Rf7 18. exf5 exf5 19. Qxf5 Bxd4 20. Bd5 Bxb2 21. Qxf7+ Kh8 22. Rce1 Qd8 23. Be6 1-0

[Event "GER-chT Seniors 13th"]
[Site "Dresden"]
[Date "2004.08.04"]
[Round "4"]
[White "Degenhardt, Norbert"]
[Black "Rudnik, Heinz"]
[Result "1/2-1/2"]
[WhiteElo "2139"]
[BlackElo "2188"]
[PlyCount "25"]
[EventDate "2004.08.01"]
[EventType "team"]
[EventRounds "7"]
[EventCountry "GER"]
[SourceTitle "CBM 103 Extra"]
[Source "ChessBase"]
[SourceDate "2005.01.01"]
[SourceVersion "1"]
[SourceVersionDate "2005.01.01"]
[SourceQuality "1"]

1. e4 e6 2. d4 d5 3. Nd2 c5 4. dxc5 Bxc5 5. Nb3 Bb6 6. exd5 Nf6 7. Bb5+ Bd7 8. Bxd7+ Qxd7 9. Nf3 Qxd5 10. Qxd5 Nxd5 11. Bd2 Nc6 12. 0-0 0-0 13. a3 1/2-1/2

[Event "EU-chT Seniors 06th"]
[Site "Dresden"]
[Date "2004.02.22"]
[Round "1.2"]
[White "Shabanov, Yuri"]
[Black "Rudnik, Heinz"]
[Result "1-0"]
[WhiteElo "2431"]
[BlackElo "2157"]
[PlyCount "47"]
[EventDate "2004.02.22"]
[EventType "team-swiss"]
[EventRounds "7"]
[EventCountry "GER"]
[SourceTitle "CBM 099 Extra"]
[Source "ChessBase"]
[SourceDate "2004.05.04"]
[SourceVersion "1"]
[SourceVersionDate "2004.05.04"]
[SourceQuality "1"]
[WhiteTeam "Russia"]
[BlackTeam "DB/BSW"]
[WhiteTeamCountry "RUS"]
[BlackTeamCountry "GER"]

1. e4 c5 2. Nc3 Nc6 3. Bb5 g6 4. Bxc6 dxc6 5. f4 Bg7 6. Nf3 Nf6 7. d3 0-0 8. 0-0 b6 9. Qe1 a5 10. Qh4 b5 11. f5 Nd7 12. Ng5 h6 13. fxg6 Bd4+ 14. Kh1 fxg6 15. Nf3 h5 16. Bh6 Rf6 17. Bg5 Bxc3 18. bxc3 Rf7 19. Qg3 Qf8 20. Qc7 b4 21. c4 Nf6 22. Ne5 Ne8 23. Rxf7 Qxf7 24. Qxc6 1-0

[Event "EU-chT Seniors 05th"]
[Site "Dresden"]
[Date "2003.02.27"]
[Round "5.2"]
[White "Golcman, Evgeny"]
[Black "Rudnik, Heinz"]
[Result "1/2-1/2"]
[WhiteElo "2350"]
[BlackElo "2011"]
[PlyCount "66"]
[EventDate "2003.02.23"]
[EventType "team-swiss"]
[EventRounds "7"]
[EventCountry "GER"]
[SourceTitle "EXT 2005"]
[Source "ChessBase"]
[SourceDate "2004.11.15"]
[SourceVersion "1"]
[SourceVersionDate "2004.11.15"]
[SourceQuality "1"]

1. c4 e6 2. Nf3 Nf6 3. g3 b6 4. Bg2 Bb7 5. 0-0 c5 6. Nc3 Be7 7. d4 cxd4 8. Qxd4 0-0 9. b3 d5 10. Ne5 Nc6 11. Nxc6 Bxc6 12. Bb2 Bc5 13. Qd2 Qe7 14. Rad1 Rad8 15. Qc2 Qb7 16. cxd5 Nxd5 17. Nxd5 Bxd5 18. Bxd5 Rxd5 19. Rxd5 Qxd5 20. Rd1 Qb7 21. Qc4 Qe7 22. Kg2 h6 23. Rd3 Rd8 24. Qg4 g5 25. Qe4 Rxd3 26. exd3 Qd7 27. b4 Bf8 28. Qe5 f5 29. b5 Bg7 30. Qb8+ Kh7 31. Bxg7 Kxg7 32. d4 Qd5+ 33. Kg1 Qe4 1/2-1/2

[Event "EU-chT Seniors 05th"]
[Site "Dresden"]
[Date "2003.02.25"]
[Round "3.2"]
[White "Rudnik, Heinz"]
[Black "Forselv, Edmund"]
[Result "1-0"]
[WhiteElo "2011"]
[BlackElo "1853"]
[PlyCount "31"]
[EventDate "2003.02.23"]
[EventType "team-swiss"]
[EventRounds "7"]
[EventCountry "GER"]
[SourceTitle "EXT 2005"]
[Source "ChessBase"]
[SourceDate "2004.11.15"]
[SourceVersion "1"]
[SourceVersionDate "2004.11.15"]
[SourceQuality "1"]

1. e4 d5 2. exd5 Qxd5 3. Nc3 Qa5 4. d4 Nf6 5. Nf3 Bf5 6. Ne5 c6 7. Bc4 e6 8. 0-0 Nbd7 9. Bf4 Bb4 10. Ne2 Nxe5 11. Bxe5 Ng4 12. Bg3 Rd8 13. c3 Bd6 14. Bxd6 Rxd6 15. Ng3 Bg6 16. Qxg4 1-0

[Event "EU-chT Seniors 05th"]
[Site "Dresden"]
[Date "2003.02.23"]
[Round "1.2"]
[White "Rudnik, Heinz"]
[Black "Malich, Burkhard"]
[Result "1/2-1/2"]
[WhiteElo "2011"]
[BlackElo "2368"]
[PlyCount "105"]
[EventDate "2003.02.23"]
[EventType "team-swiss"]
[EventRounds "7"]
[EventCountry "GER"]
[SourceTitle "EXT 2005"]
[Source "ChessBase"]
[SourceDate "2004.11.15"]
[SourceVersion "1"]
[SourceVersionDate "2004.11.15"]
[SourceQuality "1"]

1. Nf3 d5 2. d4 Nf6 3. e3 c6 4. c4 g6 5. Nc3 Bg7 6. Be2 0-0 7. 0-0 e6 8. b3 Nbd7 9. Bb2 b6 10. Rc1 Bb7 11. cxd5 exd5 12. Ba3 Re8 13. Bd6 Ne4 14. Nxe4 Rxe4 15. Bd3 Re6 16. Bf4 a5 17. h3 Re8 18. Nh2 Nf8 19. Ng4 Ne6 20. Bg3 Rc8 21. Ne5 f6 22. Nf3 c5 23. h4 f5 24. h5 Qe7 25. hxg6 hxg6 26. Ne5 Bxe5 27. Bxe5 Rf8 28. Qf3 Qh4 29. Qh3 Qxh3 30. gxh3 Rf7 31. Kh2 Rh7 32. Rg1 Kf7 33. Bb5 Bc6 34. Be2 Rh6 35. f4 Rg8 36. Bd3 Ra8 37. a3 a4 38. b4 c4 39. Bb1 Bd7 40. Rg2 b5 41. Rcg1 Nf8 42. Kg3 Nh7 43. Bc2 Nf6 44. Bxf6 Kxf6 45. h4 Re8 46. Kf3 Re7 47. Bd1 Be8 48. Rh2 Rh8 49. Kf2 Bf7 50. Bc2 Rh6 51. Rg5 Re8 52. Rg1 Reh8 53. Kg3 1/2-1/2

[Event "Wch Seniors 13th"]
[Site "Bad Zwischenahn"]
[Date "2003.??.??"]
[Round "?"]
[White "Rodemann, Edmund"]
[Black "Rudnik, Heinz"]
[Result "1/2-1/2"]
[WhiteElo "1800"]
[BlackElo "1995"]
[PlyCount "25"]
[EventDate "2003.11.16"]
[EventType "swiss"]
[EventRounds "11"]
[EventCountry "GER"]
[SourceTitle "CBM 097 Extra"]
[Source "ChessBase"]
[SourceDate "2004.01.13"]
[SourceVersion "1"]
[SourceVersionDate "2004.01.13"]
[SourceQuality "1"]

1. e4 c5 2. c3 e6 3. d4 d5 4. e5 Nc6 5. Nf3 Nge7 6. Na3 Nf5 7. Nc2 Be7 8. Bd3 g6 9. dxc5 Bxc5 10. 0-0 Bd7 11. Bg5 Be7 12. Bxe7 Nfxe7 13. Qd2 1/2-1/2

[Event "Wch Seniors 13th"]
[Site "Bad Zwischenahn"]
[Date "2003.??.??"]
[Round "?"]
[White "Rudnik, Heinz"]
[Black "Jahr, Dieter"]
[Result "1-0"]
[WhiteElo "1995"]
[BlackElo "1895"]
[PlyCount "55"]
[EventDate "2003.11.16"]
[EventType "swiss"]
[EventRounds "11"]
[EventCountry "GER"]
[SourceTitle "CBM 097 Extra"]
[Source "ChessBase"]
[SourceDate "2004.01.13"]
[SourceVersion "1"]
[SourceVersionDate "2004.01.13"]
[SourceQuality "1"]

1. Nf3 d5 2. d4 e6 3. c4 Nf6 4. Nc3 Be7 5. e3 0-0 6. Bd3 dxc4 7. Bxc4 b6 8. 0-0 Bb7 9. Qe2 c5 10. dxc5 Bxc5 11. e4 Nc6 12. Bg5 Be7 13. Rfd1 Nd7 14. Bf4 Qc8 15. Rac1 Kh8 16. e5 Rd8 17. Ne4 Nc5 18. Nd6 Bxd6 19. exd6 f6 20. a3 a5 21. Ba2 e5 22. Be3 Qb8 23. Nh4 g6 24. Qg4 Kg7 25. Nf5+ Kh8 26. Nh6 Rd7 27. Bxc5 Bc8 28. Qe6 1-0

[Event "Wch Seniors 13th"]
[Site "Bad Zwischenahn"]
[Date "2003.??.??"]
[Round "?"]
[White "Rudnik, Heinz"]
[Black "Zotin, Vladimir"]
[Result "1-0"]
[WhiteElo "1995"]
[BlackElo "1880"]
[PlyCount "109"]
[EventDate "2003.11.16"]
[EventType "swiss"]
[EventRounds "11"]
[EventCountry "GER"]
[SourceTitle "CBM 097 Extra"]
[Source "ChessBase"]
[SourceDate "2004.01.13"]
[SourceVersion "1"]
[SourceVersionDate "2004.01.13"]
[SourceQuality "1"]

1. e4 e5 2. Nf3 Nc6 3. Bb5 a6 4. Ba4 Nf6 5. d3 b5 6. Bb3 d6 7. c3 Be7 8. 0-0 0-0 9. a4 Bd7 10. axb5 axb5 11. Rxa8 Qxa8 12. Na3 Na5 13. Bc2 c5 14. Bg5 Qb7 15. d4 exd4 16. b4 Nc6 17. bxc5 dxc5 18. e5 Nd5 19. Qd3 g6 20. cxd4 Bf5 21. Qd2 Nxd4 22. Nxd4 Bxg5 23. Qxg5 Bxc2 24. Ndxc2 Qa6 25. Rd1 Nc3 26. Rd8 b4 27. e6 Ne2+ 28. Kh1 Qxe6 29. Rxf8+ Kxf8 30. Qxc5+ Kg7 31. Qxb4 h5 32. Qb2+ f6 33. Ne3 Qa6 34. Nac4 Nf4 35. h3 Nd3 36. Qd4 Nxf2+ 37. Kg1 Nxh3+ 38. gxh3 Qc6 39. Nd5 Qe6 40. Qxf6+ Qxf6 41. Nxf6 Kxf6 42. Kf2 g5 43. Ke3 Kf5 44. Nd6+ Ke5 45. Ne4 Kf5 46. Ng3+ Kg6 47. Ke4 h4 48. Nh1 Kf6 49. Nf2 Kg6 50. Ke5 Kh6 51. Kf5 Kh5 52. Ne4 g4 53. hxg4+ Kh6 54. Kf6 h3 55. g5+ 1-0

[Event "Wch Seniors 13th"]
[Site "Bad Zwischenahn"]
[Date "2003.??.??"]
[Round "?"]
[White "Schubert, Hans Joachim"]
[Black "Rudnik, Heinz"]
[Result "1-0"]
[WhiteElo "1805"]
[BlackElo "1995"]
[PlyCount "63"]
[EventDate "2003.11.16"]
[EventType "swiss"]
[EventRounds "11"]
[EventCountry "GER"]
[SourceTitle "CBM 097 Extra"]
[Source "ChessBase"]
[SourceDate "2004.01.13"]
[SourceVersion "1"]
[SourceVersionDate "2004.01.13"]
[SourceQuality "1"]

1. e4 c5 2. Nf3 d6 3. c3 Nf6 4. Bd3 Nc6 5. Bc2 Bg4 6. 0-0 Ne5 7. Ba4+ Nfd7 8. Nxe5 Bxd1 9. Bxd7+ Qxd7 10. Nxd7 Bc2 11. Nxf8 Bxe4 12. d4 c4 13. Bf4 g5 14. Bg3 Kxf8 15. Re1 f5 16. Nd2 Bd5 17. f4 h6 18. Rf1 g4 19. b3 b5 20. bxc4 bxc4 21. Rab1 Kf7 22. Rb5 e6 23. Re1 Rhc8 24. Nf1 Be4 25. Ne3 d5 26. Rb7+ Kg6 27. Re2 Rc6 28. Reb2 Ra6 29. Re2 Rb6 30. Rxb6 axb6 31. Rb2 Ra6 32. Nc2 1-0